00462nam a2200169Ia 4500003000400000008004100004040001600045082001900061100002200080245004000102260005100142300001200193650002100205650002300226650002100249650002200270GCL140319s9999 xx 000 0 eng d aGCL / cGCL04a428.24078bR G1 aRINVOLUCRI, MARIO10aGRAMMAR GAMES / cRINVOLUCRI, MARIO a[S.N] : bCAMBRIBGE UNIVERSITY PRESS ، c1994 a138 P P04aFOREIGN SPEAKERS04aSTUDY AND TEACHING04aENGLISH LANGUAGE04aEDUCATIONAL GAMES